000 00528nam a2200181 i 4500
001 135533
003 ES-MaACL
005 20230906194911.0
007 t|
008 070719s1965 sp ||||1| gao d
080 _a869.9-221"19"
100 1 _aTorres, Xohana.
_9110921
245 1 0 _aA outra banda do Iberr /
_cXohana Torres ; portada e ilustraciós de Xohán Ledo.
260 _a[Vigo] :
_bGalaxia,
_c1965.
300 _a95 p. :
_bil. ;
_c19 cm.
700 1 _aLedo, Xohán.
_971160
852 _aES-MaACL
_jC-27505
_bR.56492
999 _c135533
_d135533